[Event "Stevenage 4NCL Easter op U2050"]
[Site "Stevenage"]
[Date "2019.04.20"]
[Round "2"]
[White "Chin, Francis"]
[Black "Gray, Edward"]
[Result "0-1"]
[WhiteElo "1944"]
[BlackElo "1704"]
[PlyCount "58"]
[EventDate "2019.04.19"]
[EventType "swiss"]
[EventRounds "7"]
[EventCountry "ENG"]
[SourceTitle "CBM 190 Extra"]
[Source "ChessBase"]
[SourceDate "2019.07.15"]
[SourceVersion "1"]
[SourceVersionDate "2019.07.15"]
[SourceQuality "1"]

1. d4 Nf6 2. Nf3 g6 3. c4 c5 4. d5 b5 5. a4 bxc4 6. Nc3 Bg7 7. e4 d6 8. Bxc4 0-0 9. 0-0 Ba6 10. Nd2 Nfd7 11. Qe2 Qc8 12. Bb5 Bxb5 13. axb5 Nb6 14. f4 N8d7 15. Nf3 c4 16. Be3 Nc5 17. Nd4 Bxd4 18. Bxd4 Nb3 19. Rad1 Nxd4 20. Rxd4 Qc5 21. Rfd1 e5 22. dxe6 fxe6 23. Kh1 Rxf4 24. g3 Rf6 25. Rxd6 Raf8 26. Rd8 Rf2 27. Qg4 Kg7 28. Rxf8 Qxf8 29. Re1 Rf1+ 0-1

[Event "Stevenage 4NCL Easter op U2050"]
[Site "Stevenage"]
[Date "2019.04.20"]
[Round "3"]
[White "Valjee, Ashir"]
[Black "Chin, Francis"]
[Result "0-1"]
[WhiteElo "1462"]
[BlackElo "1944"]
[PlyCount "130"]
[EventDate "2019.04.19"]
[EventType "swiss"]
[EventRounds "7"]
[EventCountry "ENG"]
[SourceTitle "CBM 190 Extra"]
[Source "ChessBase"]
[SourceDate "2019.07.15"]
[SourceVersion "1"]
[SourceVersionDate "2019.07.15"]
[SourceQuality "1"]

1. e4 e6 2. d4 d5 3. Nc3 dxe4 4. Nxe4 Nf6 5. Nxf6+ Qxf6 6. Nf3 h6 7. Bd3 Bd6 8. Qe2 Nc6 9. c3 0-0 10. Nd2 Qe7 11. Nc4 Bd7 12. g4 Qh4 13. Bd2 e5 14. Rg1 exd4 15. Nxd6 cxd6 16. 0-0-0 Rfe8 17. Qf1 Bxg4 18. Qg2 Ne5 19. Bb5 Rec8 20. f3 dxc3 21. bxc3 Nxf3 22. Qxg4 Qxg4 23. Rxg4 Nxd2 24. Kxd2 Rc5 25. Bd3 Rac8 26. Rdg1 g5 27. h4 f6 28. hxg5 fxg5 29. Rh1 Kg7 30. c4 Rf8 31. Rh2 d5 32. cxd5 Rxd5 33. Re4 Rf7 34. Re6 Rfd7 35. Rh3 R5d6 36. Re8 Rd5 37. Ke2 Rd4 38. Re6 R4d6 39. Re8 Rd5 40. Bc4 Rd2+ 41. Ke3 R2d4 42. Bb5 R7d6 43. Rf3 g4 44. Rf4 Rxf4 45. Kxf4 a6 46. Be2 h5 47. Kg5 Rd5+ 48. Kh4 Ra5 49. Re7+ Kf6 50. Rxb7 Rxa2 51. Kxh5 g3 52. Rb6+ Kf5 53. Bxa6 g2 54. Bc8+ Kf4 55. Rf6+ Kg3 56. Rg6+ Kh2 57. Rxg2+ Kxg2 58. Kg5 Kg3 59. Kg6 Kf4 60. Kf6 Rc2 61. Bb7 Rb2 62. Bd5 Rb6+ 63. Ke7 Ke5 64. Bf7 Rb7+ 65. Kf8 Kf6 0-1

[Event "BCF-chT3S 1718 (4NCL) Demotion pool"]
[Site "England"]
[Date "2018.05.06"]
[Round "10.64"]
[White "Chin, Francis"]
[Black "Agnew, Alan"]
[Result "1/2-1/2"]
[WhiteElo "2129"]
[BlackElo "2108"]
[PlyCount "95"]
[EventDate "2017.11.11"]
[EventType "team-tourn"]
[EventRounds "11"]
[EventCountry "ENG"]
[SourceTitle "EXT 2020"]
[Source "ChessBase"]
[SourceDate "2019.10.17"]
[SourceVersion "1"]
[SourceVersionDate "2019.10.17"]
[SourceQuality "1"]
[WhiteTeam "Hackney"]
[BlackTeam "Fermented Sharks"]
[WhiteTeamCountry "ENG"]
[BlackTeamCountry "ENG"]

1. d4 Nf6 2. Nf3 g6 3. g3 Bg7 4. Bg2 0-0 5. 0-0 d6 6. c4 Nc6 7. h3 a6 8. Nc3 Rb8 9. e4 b5 10. cxb5 axb5 11. e5 Nd7 12. Ng5 dxe5 13. Bxc6 exd4 14. Nxb5 Rb6 15. Na7 Nb8 16. Qf3 Nxc6 17. Nxc6 Qd7 18. Na5 h6 19. Ne4 Rb5 20. Bd2 f5 21. b4 fxe4 22. Qxe4 Qxh3 23. Nc6 Rh5 24. Nxe7+ Kf7 25. Qxg6+ Kxe7 26. Qxg7+ Rf7 27. Rfe1+ Be6 28. Rxe6+ Qxe6 29. Qxd4 Rd5 30. Qc3 Kd8 31. Re1 Qf6 32. Qe3 Re7 33. Qxe7+ Qxe7 34. Rxe7 Kxe7 35. Bxh6 Rd1+ 36. Kg2 Ra1 37. Be3 Rxa2 38. Kf3 Rb2 39. Bc5+ Ke6 40. Ke4 Re2+ 41. Kd3 Re1 42. Be3 Rb1 43. Bc5 Kf5 44. Kd4 c6 45. Ke3 Rb3+ 46. Kd4 Rb2 47. Ke3 Rb3+ 48. Kd4 1/2-1/2

[Event "BCF-chT3S 1718 (4NCL) Demotion pool"]
[Site "England"]
[Date "2018.05.05"]
[Round "9.64"]
[White "Gregory, Andrew M"]
[Black "Chin, Francis"]
[Result "1-0"]
[WhiteElo "2014"]
[BlackElo "2129"]
[PlyCount "109"]
[EventDate "2017.11.11"]
[EventType "team-tourn"]
[EventRounds "11"]
[EventCountry "ENG"]
[SourceTitle "EXT 2020"]
[Source "ChessBase"]
[SourceDate "2019.10.17"]
[SourceVersion "1"]
[SourceVersionDate "2019.10.17"]
[SourceQuality "1"]
[WhiteTeam "West is Best III"]
[BlackTeam "Hackney"]
[WhiteTeamCountry "WLS"]
[BlackTeamCountry "ENG"]

1. d4 d5 2. Nf3 c6 3. e3 Bf5 4. Bd3 Bg6 5. Ne5 Nd7 6. f4 e6 7. 0-0 Ne7 8. c4 Bxd3 9. Qxd3 g6 10. Nd2 Nf5 11. Ndf3 h5 12. Bd2 Bd6 13. c5 Bxe5 14. Nxe5 0-0 15. b4 Nxe5 16. fxe5 b5 17. a4 a6 18. Qe2 Qe7 19. a5 Kg7 20. Rf2 Rh8 21. Qf3 Rad8 22. Kf1 Rd7 23. Re1 Kf8 24. h3 h4 25. Kg1 Rh5 26. Bc3 Ng3 27. Qg4 Rg5 28. Qxh4 Kg7 29. Rf4 Ne4 30. Rxe4 dxe4 31. Qxe4 Rd8 32. Qxc6 Rg3 33. Re2 Qg5 34. Qe4 Rxh3 35. Kf2 Rh4 36. Qf3 Rh5 37. e4 Qh4+ 38. Ke3 Kg8 39. Rf2 Rf8 40. d5 Rg5 41. Kd2 Rg3 42. Qe2 Qg5+ 43. Kc2 Re3 44. Qd2 Qg3 45. Re2 Rxe2 46. Qxe2 exd5 47. exd5 Qf4 48. Kb2 Qf5 49. Qf3 Qg5 50. c6 Qe7 51. Qf6 Qxf6 52. exf6 Rc8 53. Be5 Kf8 54. d6 Rxc6 55. d7 1-0

[Event "BCF-chT3Sa 1718 (4NCL)"]
[Site "England"]
[Date "2018.01.14"]
[Round "4.43"]
[White "Wallis, Ian J"]
[Black "Chin, Francis"]
[Result "1/2-1/2"]
[WhiteElo "2074"]
[BlackElo "2129"]
[PlyCount "97"]
[EventDate "2017.11.11"]
[EventType "team-tourn"]
[EventRounds "11"]
[EventCountry "ENG"]
[SourceTitle "EXT 2020"]
[Source "ChessBase"]
[SourceDate "2019.10.17"]
[SourceVersion "1"]
[SourceVersionDate "2019.10.17"]
[SourceQuality "1"]
[WhiteTeam "Anglian Avengers II"]
[BlackTeam "Hackney"]
[WhiteTeamCountry "ENG"]
[BlackTeamCountry "ENG"]

1. e4 e6 2. d4 d5 3. Nd2 c5 4. exd5 exd5 5. Ngf3 Nc6 6. Bb5 Bd6 7. 0-0 Nge7 8. dxc5 Bxc5 9. Nb3 Bd6 10. Re1 0-0 11. Bd3 Bf5 12. c3 Qd7 13. Be3 Rfe8 14. h3 Rad8 15. Nbd4 Bg6 16. Qc2 Nxd4 17. Nxd4 Nc6 18. Bxg6 hxg6 19. Nf3 b6 20. Bg5 Rxe1+ 21. Rxe1 Re8 22. Rxe8+ Qxe8 23. Be3 Ne5 24. Qd1 Nxf3+ 25. Qxf3 Qe5 26. g3 Qe6 27. Kg2 Be5 28. a4 Bd6 29. a5 bxa5 30. Bxa7 a4 31. Qe3 Qxe3 32. Bxe3 f6 33. Bc1 Kf7 34. f4 Bc5 35. Kf3 Ke6 36. Ke2 Kd6 37. Be3 g5 38. fxg5 fxg5 39. Bxc5+ Kxc5 40. Kd3 g4 41. hxg4 g5 42. Kd2 Kc4 43. Kc2 d4 44. cxd4 Kxd4 45. Kd2 Kc4 46. Kc2 Kb4 47. Kc1 Kb3 48. Kb1 Kc4 49. Kc2 1/2-1/2

[Event "BCF-chT3Sa 1718 (4NCL)"]
[Site "England"]
[Date "2018.01.13"]
[Round "3.33"]
[White "Chin, Francis"]
[Black "Gooding, Ian R"]
[Result "1/2-1/2"]
[WhiteElo "2129"]
[BlackElo "2000"]
[PlyCount "153"]
[EventDate "2017.11.11"]
[EventType "team-tourn"]
[EventRounds "11"]
[EventCountry "ENG"]
[SourceTitle "EXT 2020"]
[Source "ChessBase"]
[SourceDate "2019.10.17"]
[SourceVersion "1"]
[SourceVersionDate "2019.10.17"]
[SourceQuality "1"]
[WhiteTeam "Hackney"]
[BlackTeam "Cambridge University II"]
[WhiteTeamCountry "ENG"]
[BlackTeamCountry "ENG"]

1. d4 d5 2. Nf3 Nf6 3. e3 Bg4 4. c3 Nbd7 5. Qb3 Bxf3 6. gxf3 Rb8 7. Nd2 e6 8. Bg2 Be7 9. e4 0-0 10. 0-0 c6 11. Kh1 Nh5 12. Rg1 Nf4 13. Bf1 f5 14. exd5 exd5 15. Qc2 Bd6 16. Bd3 Qh4 17. Nf1 Nxd3 18. Qxd3 Qxf2 19. Bg5 Qxb2 20. Re1 Rf7 21. Rg2 Qb5 22. Qe3 Nf8 23. Bf4 Bxf4 24. Qxf4 Rd8 25. Rge2 c5 26. Ng3 Ng6 27. Qg5 Rdf8 28. Nf1 cxd4 29. cxd4 Qd3 30. Qe3 Qxe3 31. Rxe3 Rc7 32. Ra3 a6 33. Ne3 Re8 34. Rb1 Ne7 35. Ra5 Nc6 36. Nxd5 Nxa5 37. Nxc7 Rd8 38. d5 Rd7 39. Rc1 Nc6 40. Nxa6 Rxd5 41. Nc5 b5 42. Nb3 Ne5 43. Kg2 Kf7 44. Rc5 Rxc5 45. Nxc5 Ke7 46. Nb3 g6 47. Nd4 b4 48. f4 Nd3 49. Kf3 Kd6 50. Ke3 Nc1 51. a3 b3 52. Kd2 b2 53. Kc2 Nd3 54. Nf3 Nxf4 55. Kxb2 h6 56. Kc3 Kc5 57. Nh4 Nd5+ 58. Kd3 Ne7 59. Nf3 g5 60. Nd4 Kd5 61. a4 f4 62. Ne2 Ng6 63. Nc3+ Kc5 64. Ke4 Kb4 65. Nd1 Kxa4 66. Kf5 Nh4+ 67. Kg4 Kb3 68. Kh5 Nf5 69. Kg6 Ne3 70. Nf2 g4 71. Kxh6 g3 72. hxg3 fxg3 73. Nh3 Kc3 74. Kg5 Kd2 75. Kf4 Nf1 76. Kf3 Ke1 77. Nf4 1/2-1/2

[Event "BCF-chT3 1213 (4NCL)"]
[Site "England"]
[Date "2013.05.06"]
[Round "11.57"]
[White "Chin, Francis"]
[Black "Grant, David J"]
[Result "1/2-1/2"]
[WhiteElo "2164"]
[BlackElo "2084"]
[PlyCount "62"]
[EventDate "2012.11.03"]
[EventType "team-swiss"]
[EventRounds "11"]
[EventCountry "ENG"]
[SourceTitle "EXT 2014"]
[Source "ChessBase"]
[SourceDate "2013.11.20"]
[SourceVersion "1"]
[SourceVersionDate "2013.11.20"]
[SourceQuality "1"]
[WhiteTeam "Hackney"]
[BlackTeam "Sussex Smart Survivors"]
[WhiteTeamCountry "ENG"]
[BlackTeamCountry "ENG"]

1. d4 Nf6 2. Nf3 e6 3. c4 b6 4. g3 Ba6 5. Nbd2 Bb4 6. Qc2 Bb7 7. Bg2 Be4 8. Qb3 c5 9. dxc5 bxc5 10. 0-0 Bxd2 11. Bxd2 Nc6 12. Qe3 Qe7 13. Bc3 d5 14. cxd5 exd5 15. Bxf6 gxf6 16. Rac1 c4 17. b3 Nb4 18. bxc4 Nxa2 19. Rcd1 dxc4 20. Rd4 Bb7 21. Qd2 Nb4 22. Rxc4 a5 23. Rfc1 Rd8 24. Qh6 Bd5 25. Rc7 Rd7 26. Rc8+ Rd8 27. R8c7 Qd6 28. Bh3 Be6 29. Qxf6 0-0 30. Qg5+ Kh8 31. Qf6+ Kg8 1/2-1/2

[Event "BCF-chT3S 1213 (4NCL)"]
[Site "England"]
[Date "2013.01.12"]
[Round "3.156"]
[White "Chin, Francis"]
[Black "Burke, Mitchell R"]
[Result "1/2-1/2"]
[WhiteElo "2164"]
[BlackElo "1952"]
[PlyCount "28"]
[EventDate "2012.11.03"]
[EventType "team-swiss"]
[EventRounds "6"]
[EventCountry "ENG"]
[SourceTitle "EXT 2014"]
[Source "ChessBase"]
[SourceDate "2013.11.20"]
[SourceVersion "1"]
[SourceVersionDate "2013.11.20"]
[SourceQuality "1"]
[WhiteTeam "Hackney"]
[BlackTeam "3CS Oldham II"]
[WhiteTeamCountry "ENG"]
[BlackTeamCountry "ENG"]

1. d4 g6 2. Nf3 Bg7 3. g3 c5 4. Bg2 Nf6 5. 0-0 cxd4 6. Nxd4 0-0 7. Nc3 Nc6 8. Nb3 d6 9. Bf4 Bd7 10. Qd2 Re8 11. Rad1 Rc8 12. Bh6 Bh8 13. h3 a6 14. e4 Ne5 1/2-1/2

[Event "BCF-chT3 1112 (4NCL)"]
[Site "England"]
[Date "2012.05.07"]
[Round "11.87"]
[White "Chin, Francis"]
[Black "Campbell, Mark C"]
[Result "1/2-1/2"]
[WhiteElo "2171"]
[BlackElo "1982"]
[PlyCount "106"]
[EventDate "2011.11.12"]
[EventType "team-swiss"]
[EventRounds "11"]
[EventCountry "ENG"]
[SourceTitle "EXT 2013"]
[Source "ChessBase"]
[SourceDate "2012.11.22"]
[SourceVersion "1"]
[SourceVersionDate "2012.11.22"]
[SourceQuality "1"]
[WhiteTeam "Hackney"]
[BlackTeam "Cambridge III"]
[WhiteTeamCountry "ENG"]
[BlackTeamCountry "ENG"]

1. d4 Nf6 2. Nf3 g6 3. c4 Bg7 4. Nc3 0-0 5. g3 d6 6. Bg2 Nbd7 7. 0-0 e5 8. e4 exd4 9. Nxd4 Ne5 10. b3 Nc6 11. Nde2 Re8 12. Bg5 h6 13. Bf4 Bg4 14. f3 Be6 15. Qd2 Kh7 16. Rad1 Qc8 17. Nd5 Bxd5 18. cxd5 Ne5 19. Rc1 Re7 20. Rc2 Ne8 21. Rfc1 f5 22. Nd4 fxe4 23. fxe4 g5 24. Be3 Qg4 25. Rf1 Nf6 26. Nf5 Rd7 27. h3 Qh5 28. Bd4 g4 29. Bxe5 dxe5 30. h4 Qg6 31. Qe2 Ne8 32. Qb5 Qb6+ 33. Qxb6 axb6 34. Nxg7 Kxg7 35. Rfc1 Rc8 36. Kf2 Nd6 37. Ke3 Nb5 38. Bf1 Nd4 39. Rf2 Rf8 40. Rxf8 Kxf8 41. Be2 h5 42. Rc4 b5 43. Rc1 Rf7 44. Rf1 Rxf1 45. Bxf1 Ke7 46. Kd2 b4 47. Kd3 b5 48. Ke3 Kd6 49. Kd3 Kc5 50. Ke3 Nc2+ 51. Kd3 Ne1+ 52. Ke3 Nc2+ 53. Kd3 Nd4 1/2-1/2

[Event "BCF-chT3S 1112 (4NCL)"]
[Site "England"]
[Date "2011.11.12"]
[Round "1.1"]
[White "Chin, Francis"]
[Black "Jenks, Chris Bruce"]
[Result "1-0"]
[WhiteElo "2171"]
[BlackElo "2157"]
[PlyCount "125"]
[EventDate "2011.11.12"]
[EventType "team-swiss"]
[EventRounds "6"]
[EventCountry "ENG"]
[SourceTitle "EXT 2013"]
[Source "ChessBase"]
[SourceDate "2012.11.22"]
[SourceVersion "1"]
[SourceVersionDate "2012.11.22"]
[SourceQuality "1"]
[WhiteTeam "Hackney"]
[BlackTeam "Wessex"]
[WhiteTeamCountry "ENG"]
[BlackTeamCountry "ENG"]

1. d4 Nf6 2. Nf3 g6 3. g3 c5 4. Bg2 cxd4 5. Qxd4 Nc6 6. Qh4 d6 7. 0-0 Qa5 8. Na3 Bd7 9. c3 Bg7 10. Bh6 0-0 11. Rfd1 Qh5 12. Qxh5 Nxh5 13. Bxg7 Nxg7 14. Nc2 Rfc8 15. Ncd4 Rab8 16. Rd2 Na5 17. e3 Nc4 18. Re2 b5 19. a3 a5 20. Ne1 e5 21. Nb3 Be6 22. Nc1 Ne8 23. Ncd3 f6 24. Nc2 Kf7 25. e4 Nc7 26. Ne3 Na6 27. f4 Nc5 28. Nxc5 Rxc5 29. f5 Bc8 30. g4 Bb7 31. Kf2 Nxe3 32. Kxe3 Rc4 33. h3 b4 34. cxb4 axb4 35. a4 b3 36. Rd2 Ke7 37. Ra3 Bc6 38. a5 Rbb4 39. Rd3 Bxe4 40. Bxe4 Rxe4+ 41. Kd2 Kd7 42. a6 Rb8 43. a7 Ra8 44. Ra6 gxf5 45. Rdxd6+ Kc7 46. Rxf6 Rd4+ 47. Kc3 fxg4 48. Rf7+ Rd7 49. Rxd7+ Kxd7 50. hxg4 Kc8 51. Kxb3 Kb7 52. Ra4 h6 53. Kc4 Rc8+ 54. Kd5 Ka8 55. Kxe5 Rc2 56. b4 Rc4 57. Kf5 Rd4 58. Ra6 Rd5+ 59. Kf4 h5 60. g5 Rd4+ 61. Kf5 Rxb4 62. g6 Rg4 63. Ra1 1-0

[Event "BCF-chT3 1011 (4NCL)"]
[Site "England"]
[Date "2011.05.01"]
[Round "10.53"]
[White "Davis, Lee"]
[Black "Chin, Francis"]
[Result "1/2-1/2"]
[WhiteElo "1974"]
[BlackElo "2211"]
[PlyCount "63"]
[EventDate "2010.11.06"]
[EventType "team-swiss"]
[EventRounds "9"]
[EventCountry "ENG"]
[SourceTitle "EXT 2012"]
[Source "ChessBase"]
[SourceDate "2011.11.24"]
[SourceVersion "1"]
[SourceVersionDate "2011.11.24"]
[SourceQuality "1"]
[WhiteTeam "The Full Ponty"]
[BlackTeam "Hackney"]
[WhiteTeamCountry "ENG"]
[BlackTeamCountry "ENG"]

1. d4 d5 2. g3 c6 3. Bg2 Bf5 4. Nf3 Nf6 5. 0-0 Nbd7 6. c4 e6 7. b3 Be7 8. Bb2 h5 9. h4 Ne4 10. Nbd2 g5 11. Nxe4 Bxe4 12. Nxg5 Bxg2 13. Kxg2 Bxg5 14. hxg5 Qxg5 15. Rh1 h4 16. Rh3 0-0-0 17. Bc1 Qg7 18. cxd5 exd5 19. Qd3 f5 20. Bf4 hxg3 21. Rxg3 Qh7 22. Rg1 Rde8 23. Kf1 Rhf8 24. Rg7 Qh5 25. R7g5 Qh7 26. Qg3 Qe7 27. e3 Qe4 28. Rg7 Rh8 29. Bb8 Qb1+ 30. Kg2 Qe4+ 31. Kf1 Qb1+ 32. Kg2 1/2-1/2

[Event "BCF-chT3 1011 (4NCL)"]
[Site "England"]
[Date "2011.01.15"]
[Round "3.45"]
[White "Eden, Tomer"]
[Black "Chin, Francis"]
[Result "1-0"]
[WhiteElo "2188"]
[BlackElo "2211"]
[PlyCount "55"]
[EventDate "2010.11.06"]
[EventType "team-swiss"]
[EventRounds "9"]
[EventCountry "ENG"]
[SourceTitle "EXT 2012"]
[Source "ChessBase"]
[SourceDate "2011.11.24"]
[SourceVersion "1"]
[SourceVersionDate "2011.11.24"]
[SourceQuality "1"]
[WhiteTeam "British Universities CA"]
[BlackTeam "Hackney"]
[WhiteTeamCountry "ENG"]
[BlackTeamCountry "ENG"]

1. Nf3 d5 2. d4 Nf6 3. c4 e6 4. g3 c6 5. Qc2 Nbd7 6. Bg2 Bd6 7. 0-0 0-0 8. Nbd2 e5 9. cxd5 cxd5 10. dxe5 Nxe5 11. Nxe5 Bxe5 12. Nf3 Bd6 13. Be3 Bg4 14. Qb3 Qe7 15. Rac1 b6 16. Bd4 Rac8 17. e3 Ne4 18. Qxd5 Rcd8 19. Ne5 Nf6 20. Qb7 Qxb7 21. Bxb7 Be6 22. Bf3 Rc8 23. Nc6 Rc7 24. Bxf6 gxf6 25. Nd4 Rfc8 26. Rxc7 Bxc7 27. Nxe6 fxe6 28. Rc1 1-0

[Event "BCF-chT3 0809 (4NCL)"]
[Site "Hinckley Island"]
[Date "2008.10.19"]
[Round "2.1"]
[White "Chin, Francis"]
[Black "McLaughlin, Noel"]
[Result "1/2-1/2"]
[WhiteElo "2261"]
[BlackElo "2025"]
[PlyCount "54"]
[EventDate "2008.10.18"]
[EventType "team-swiss"]
[EventRounds "11"]
[EventCountry "ENG"]
[SourceTitle "EXT 2010"]
[Source "ChessBase"]
[SourceDate "2010.11.25"]
[SourceVersion "1"]
[SourceVersionDate "2010.11.25"]
[SourceQuality "1"]
[WhiteTeam "Hilsmark Coventry"]
[BlackTeam "AMCA Rhinos"]
[WhiteTeamCountry "ENG"]
[BlackTeamCountry "ENG"]

1. d4 d6 2. Nf3 f5 3. Nc3 Nf6 4. Bg5 Nc6 5. h4 e6 6. e4 fxe4 7. Nxe4 Be7 8. Bd3 Nb4 9. Nxf6+ gxf6 10. Bh6 Bf8 11. Bxf8 Nxd3+ 12. Qxd3 Kxf8 13. 0-0-0 Qe7 14. Nd2 Rg8 15. Rdg1 Bd7 16. f3 Re8 17. g4 Qf7 18. Kb1 Re7 19. Ne4 d5 20. Nc5 Bc8 21. Qa3 b6 22. Nd3 a5 23. g5 Ba6 24. gxf6 Qxf6 25. Ne5 Bb5 26. Qe3 Rxg1+ 27. Qxg1 c5 1/2-1/2

[Event "BCF-chT3 0809 (4NCL)"]
[Site "Hinckley Island"]
[Date "2008.10.18"]
[Round "1.1"]
[White "Yeo, Gareth"]
[Black "Chin, Francis"]
[Result "1/2-1/2"]
[WhiteElo "2036"]
[BlackElo "2261"]
[PlyCount "31"]
[EventDate "2008.10.18"]
[EventType "team-swiss"]
[EventRounds "11"]
[EventCountry "ENG"]
[SourceTitle "EXT 2010"]
[Source "ChessBase"]
[SourceDate "2010.11.25"]
[SourceVersion "1"]
[SourceVersionDate "2010.11.25"]
[SourceQuality "1"]
[WhiteTeam "WOB"]
[BlackTeam "Hilsmark Coventry"]
[WhiteTeamCountry "ENG"]
[BlackTeamCountry "ENG"]

1. d4 d5 2. c4 e6 3. Nc3 Nf6 4. cxd5 exd5 5. Bg5 c6 6. Qc2 Be7 7. e3 0-0 8. Bd3 Re8 9. Nge2 Nbd7 10. 0-0 Nf8 11. f3 Nh5 12. Bxe7 Qxe7 13. e4 dxe4 14. fxe4 Qg5 15. e5 Ng6 16. Rf2 1/2-1/2

[Event "BCF-chT 0708 (4NCL)"]
[Site "Sunningdale"]
[Date "2008.03.02"]
[Round "8.7"]
[White "Povah, Nigel Edward"]
[Black "Chin, Francis"]
[Result "1-0"]
[WhiteElo "2353"]
[BlackElo "2275"]
[PlyCount "43"]
[EventDate "2007.09.15"]
[EventType "team-tourn"]
[EventRounds "11"]
[EventCountry "ENG"]
[SourceTitle "EXT 2008"]
[Source "ChessBase"]
[SourceDate "2007.11.25"]
[SourceVersion "1"]
[SourceVersionDate "2007.11.25"]
[SourceQuality "1"]
[WhiteTeam "Guildford II"]
[BlackTeam "North West Eagles"]
[WhiteTeamCountry "ENG"]
[BlackTeamCountry "ENG"]

1. d4 d5 2. Bg5 Nf6 3. Bxf6 exf6 4. e3 Bf5 5. Nf3 Nd7 6. c4 dxc4 7. Bxc4 Nb6 8. Bb3 Bb4+ 9. Nc3 0-0 10. 0-0 c6 11. Nh4 Qd7 12. Qf3 Bg4 13. Qg3 Rae8 14. Bc2 Bd6 15. f4 Nc4 16. Ne4 Rxe4 17. Bxe4 Re8 18. h3 Rxe4 19. Qxg4 Qe8 20. Nf5 Bf8 21. Rae1 Nxe3 22. Qf3 1-0

[Event "BCF-ch"]
[Site "Southampton"]
[Date "1986.??.??"]
[Round "5"]
[White "Chin, Francis"]
[Black "Lawson, David"]
[Result "1/2-1/2"]
[WhiteElo "2075"]
[BlackElo "2200"]
[PlyCount "168"]
[EventDate "1986.07.28"]
[EventType "swiss"]
[EventRounds "11"]
[EventCountry "ENG"]
[SourceTitle "EXT 1999"]
[Source "ChessBase"]
[SourceDate "1998.11.16"]
[SourceVersion "1"]
[SourceVersionDate "1998.11.16"]
[SourceQuality "1"]

1. d4 Nf6 2. Nf3 e6 3. c4 Bb4+ 4. Bd2 Qe7 5. g3 b6 6. Bg2 Bb7 7. 0-0 Bxd2 8. Qxd2 d6 9. Nc3 0-0 10. Rfe1 Nbd7 11. e4 e5 12. Rad1 Rfe8 13. b3 a6 14. Qc2 Rab8 15. Re2 h6 16. Rde1 c6 17. Nd1 Nf8 18. Qd2 Rbd8 19. Bh3 Qc7 20. Nh4 b5 21. Nf5 Ng6 22. Bg2 Kh7 23. d5 c5 24. Nde3 b4 25. Rd1 Bc8 26. a4 a5 27. Ree1 Nf8 28. Kf1 Bxf5 29. Nxf5 Ng8 30. Ke2 g6 31. Ne3 Kg7 32. Kd3 Nf6 33. Kc2 N8h7 34. Rg1 Rh8 35. Rde1 Ne8 36. h4 Kf8 37. Bh3 Ke7 38. f3 Ng7 39. Ng4 h5 40. Nf2 Rdg8 41. f4 f6 42. Nd3 Kd8 43. fxe5 fxe5 44. Rgf1 Qe7 45. Rf2 Rf8 46. Ref1 Rxf2 47. Rxf2 Rf8 48. Qh6 Rxf2+ 49. Nxf2 Nf8 50. Kd3 Ne8 51. Nd1 Qg7 52. Qxg7 Nxg7 53. Ke3 Ke7 54. Nf2 Kf6 55. Bc8 g5 56. Kf3 gxh4 57. gxh4 Ng6 58. Kg3 Nf4 59. Kf3 Ke7 60. Bh3 Ne8 61. Bf1 Nf6 62. Kg3 Kf8 63. Kf3 Kg7 64. Bh3 Kf7 65. Bc8 Ne8 66. Bd7 Nc7 67. Bc8 Na8 68. Bh3 Nc7 69. Bd7 Ke7 70. Bc8 Na8 71. Bh3 Nb6 72. Bf1 Nd7 73. Bh3 Nf8 74. Bf1 Nh7 75. Bh3 Kf7 76. Bf1 Kf8 77. Bh3 Ke8 78. Bf1 Ke7 79. Bh3 Nf8 80. Bf1 N8g6 81. Kg3 Kf7 82. Bd3 Nxd3 83. Nxd3 Kf6 84. Kh3 Kf7 1/2-1/2

[Event "BCF-ch"]
[Site "Southampton"]
[Date "1986.??.??"]
[Round "9"]
[White "Emms, John M"]
[Black "Chin, Francis"]
[Result "1/2-1/2"]
[WhiteElo "2305"]
[BlackElo "2075"]
[PlyCount "115"]
[EventDate "1986.07.28"]
[EventType "swiss"]
[EventRounds "11"]
[EventCountry "ENG"]
[SourceTitle "EXT 1999"]
[Source "ChessBase"]
[SourceDate "1998.11.16"]
[SourceVersion "1"]
[SourceVersionDate "1998.11.16"]
[SourceQuality "1"]

1. e4 e6 2. d4 d5 3. Nd2 c5 4. Ngf3 Nc6 5. exd5 exd5 6. Bb5 Bd6 7. 0-0 Nge7 8. dxc5 Bxc5 9. Nb3 Bd6 10. Nbd4 0-0 11. c3 Bg4 12. Qa4 Bh5 13. Be2 a6 14. Be3 Nxd4 15. Nxd4 Bxe2 16. Nxe2 Nf5 17. Bf4 Qh4 18. g3 Qg4 19. Qd1 Rad8 20. Nd4 Qg6 21. Bxd6 Rxd6 22. Re1 Nxd4 23. Qxd4 Qc2 24. Qb4 Rf6 25. Rf1 b6 26. Rae1 g6 27. Qe7 Kg7 28. Re2 Qa4 29. Qe5 Qc6 30. Rd1 Rd8 31. Red2 Re8 32. Qxd5 Qxd5 33. Rxd5 Re2 34. f4 Rxb2 35. R5d2 Rxd2 36. Rxd2 Rc6 37. Rc2 Rc4 38. Kf2 Kf6 39. Ke3 b5 40. Kd3 h5 41. Re2 Ra4 42. Rf2 h4 43. g4 g5 44. fxg5+ Kxg5 45. Rxf7 Kxg4 46. Rf2 Kh3 47. Re2 Rg4 48. Re6 Ra4 49. Re2 Kg4 50. Rf2 Rf4 51. Ke3 Rc4 52. Kd3 Rf4 53. Ke3 Rxf2 54. Kxf2 Kf4 55. Kg2 Kg4 56. Kf2 Kf4 57. Kg2 Kg4 58. Kf2 1/2-1/2

[Event "BCF-ch"]
[Site "Southampton"]
[Date "1986.??.??"]
[Round "11"]
[White "Le Blancq, Simon"]
[Black "Chin, Francis"]
[Result "1/2-1/2"]
[WhiteElo "2270"]
[BlackElo "2075"]
[PlyCount "33"]
[EventDate "1986.07.28"]
[EventType "swiss"]
[EventRounds "11"]
[EventCountry "ENG"]
[SourceTitle "EXT 1999"]
[Source "ChessBase"]
[SourceDate "1998.11.16"]
[SourceVersion "1"]
[SourceVersionDate "1998.11.16"]
[SourceQuality "1"]

1. d4 Nf6 2. Nf3 d5 3. c4 e6 4. g3 c5 5. Bg2 Nc6 6. 0-0 cxd4 7. Nxd4 Be7 8. Nc3 0-0 9. cxd5 exd5 10. Bg5 h6 11. Be3 Re8 12. Qb3 Na5 13. Qc2 Bg4 14. Nf5 Bb4 15. Rad1 Rc8 16. h3 Bh5 17. Qd3 1/2-1/2

[Event "BCF-ch"]
[Site "Southampton"]
[Date "1986.??.??"]
[Round "3"]
[White "Nicholson, John G"]
[Black "Chin, Francis"]
[Result "1/2-1/2"]
[WhiteElo "2295"]
[BlackElo "2075"]
[PlyCount "70"]
[EventDate "1986.07.28"]
[EventType "swiss"]
[EventRounds "11"]
[EventCountry "ENG"]
[SourceTitle "EXT 1999"]
[Source "ChessBase"]
[SourceDate "1998.11.16"]
[SourceVersion "1"]
[SourceVersionDate "1998.11.16"]
[SourceQuality "1"]

1. e4 e6 2. d4 d5 3. Nc3 Bb4 4. e5 c5 5. a3 Bxc3+ 6. bxc3 Qc7 7. Nf3 Ne7 8. a4 Nbc6 9. Be2 cxd4 10. cxd4 Nb4 11. 0-0 Qxc2 12. Qe1 Nec6 13. Ba3 a5 14. Bb5 0-0 15. Bxc6 Qxc6 16. Bxb4 axb4 17. Qxb4 Bd7 18. a5 Qb5 19. Qxb5 Bxb5 20. Rfb1 Bc6 21. Nd2 Ra6 22. Rc1 Rfa8 23. Nb3 Kf8 24. f4 Be8 25. Kf2 Bb5 26. Rc7 Bc4 27. Nc5 Rxa5 28. Rxa5 Rxa5 29. Nxb7 Ra2+ 30. Ke3 Ra3+ 31. Kf2 Ra2+ 32. Kg3 Ra3+ 33. Kh4 Rd3 34. Rc8+ Ke7 35. Rc7+ Kf8 1/2-1/2